CONTAMINACION ATMOSFERICA DE OXIDOS DE AZUFRE (Registro nro. 23636)
[ vista simple ]
| 000 -LEADER | |
|---|---|
| fixed length control field | 00532nam a2200181 a 4500 |
| 001 - CONTROL NUMBER | |
| control field | 23636 |
| 005 - DATE AND TIME OF LATEST TRANSACTION | |
| control field | 20180713221726.0 |
| 008 - FIXED-LENGTH DATA ELEMENTS--GENERAL INFORMATION | |
| fixed length control field | 140415s1970 mx 000 0 spa d |
| 041 ## - LANGUAGE CODE | |
| Language code of text/sound track or separate title | spa |
| 082 ## - DEWEY DECIMAL CLASSIFICATION NUMBER | |
| Classification number | 363.7384 |
| Item number | BAR |
| 100 1# - MAIN ENTRY--PERSONAL NAME | |
| Personal name | BARCENA IBARRA, VICENTE AGUSTIN |
| 245 10 - TITLE STATEMENT | |
| Title | CONTAMINACION ATMOSFERICA DE OXIDOS DE AZUFRE |
| 250 ## - EDITION STATEMENT | |
| Edition statement | 1a ed. |
| 260 ## - PUBLICATION, DISTRIBUTION, ETC. | |
| Place of publication, distribution, etc. | MEXICO : |
| Name of publisher, distributor, etc. | VICENTE AGUSTIN BARCENA IBARRA, |
| Date of publication, distribution, etc. | 1970 |
| 300 ## - PHYSICAL DESCRIPTION | |
| Extent | 114 |
| 502 ## - DISSERTATION NOTE | |
| Dissertation note | TESIS (INGENIERO QUIMICO)-UNAM |
| 650 14 - SUBJECT ADDED ENTRY--TOPICAL TERM | |
| Topical term or geographic name entry element | CONTAMINACION ATMOSFERICA |
| Withdrawn status | Lost status | Source of classification or shelving scheme | Damaged status | Not for loan | Collection code | Home library | Current library | Shelving location | Date acquired | Source of acquisition | Inventory number | Total Checkouts | Full call number | Barcode | Date last seen | Price effective from | Koha item type |
|---|---|---|---|---|---|---|---|---|---|---|---|---|---|---|---|---|---|
| Dewey Decimal Classification | General | Biblioteca Karol Wojtyla | Biblioteca Karol Wojtyla | Sala general | 03/12/2013 | Compra | 151000000000000000047810 | 363.7384 BAR | 44485 | 05/01/2026 | 03/12/2013 | Libro |